Script Effects as the Hidden Drive of the Mind, Cognition, and Culture (Record no. 33210)
[ view plain ]
| 000 -LEADER | |
|---|---|
| fixed length control field | 00764nam a2200121Ia 4500 |
| 008 - FIXED-LENGTH DATA ELEMENTS--GENERAL INFORMATION | |
| fixed length control field | 220620s9999||||xx |||||||||||||| ||und|| |
| 100 ## - MAIN ENTRY--PERSONAL NAME | |
| Personal name | Pae, Hye K. |
| 245 #0 - TITLE STATEMENT | |
| Title | Script Effects as the Hidden Drive of the Mind, Cognition, and Culture |
| 546 ## - LANGUAGE NOTE | |
| Language note | English[eng] |
| 650 ## - SUBJECT ADDED ENTRY--TOPICAL TERM | |
| Topical term or geographic name entry element | Literacy||Language Education||Cognitive Linguistics||Psycholinguistics and Cognitive Lingusitics||Open Access||The emergence of written language||Linguistic relativity and reading||Psychological mechanisms of reading||Script effects and critical contrastive rhetoric||Writing systems and literacy||Language teaching & learning||Linguistics||Cognitive studies |
| 856 ## - ELECTRONIC LOCATION AND ACCESS | |
| Uniform Resource Identifier | <a href="https://library.oapen.org/bitstream/20.500.12657/42911/1/2020_Book_ScriptEffectsAsTheHiddenDriveO.pdf">https://library.oapen.org/bitstream/20.500.12657/42911/1/2020_Book_ScriptEffectsAsTheHiddenDriveO.pdf</a> |
| 942 ## - ADDED ENTRY ELEMENTS (KOHA) | |
| Koha item type | E-Books |
| Withdrawn status | Lost status | Damaged status | Not for loan | Home library | Current library | Date acquired | Total Checkouts | Date last seen | Price effective from | Koha item type |
|---|---|---|---|---|---|---|---|---|---|---|
| Kerala University of Digital Sciences, Innovation and Technology Knowledge Centre | Kerala University of Digital Sciences, Innovation and Technology Knowledge Centre | 20/06/2022 | 20/06/2022 | 20/06/2022 | E-Books |